000
00301nam a2200133Ia 4500
100
_a
Stanton/William J & others
942
_c
BK
654
_a
MARKETING
245
_a
Fundamentals of Marketing
260
_b
Mc Graw Hill
_a
New Delhi
_c
1994
082
_a
658.8
_b
PAN
546
_a
ENGLISH
999
_c
25120
_d
25120